[Event "RUS-ch m1-2"]
[Site "Elista"]
[Date "1997.05.20"]
[Round "1.2"]
[White "Galkin, Alexander"]
[Black "Loginov, Valery A"]
[Result "1-0"]
[WhiteElo "2510"]
[BlackElo "2555"]
[Annotator "Nor,I"]
[PlyCount "143"]
[EventDate "1997.05.19"]
[EventType "k.o."]
[EventRounds "6"]
[EventCountry "RUS"]
[SourceTitle "CBM 059"]
[Source "ChessBase"]
[SourceDate "1997.08.01"]
[SourceVersion "1"]
[SourceVersionDate "1997.08.01"]
[SourceQuality "1"]

1. e4 {Hecht Gershon} c5 2. Nf3 d6 3. d4 cxd4 4. Nxd4 Nf6 5. Nc3 a6 6. Be2 e5
7. Nb3 Be7 8. O-O O-O 9. Be3 Be6 10. Nd5 Nbd7 $5 11. Qd3 Bxd5 12. exd5 a5 (
12... Nc5 $1 {Browne} 13. Nxc5 dxc5 14. Rfd1 e4 15. Qd2 Bd6 16. a4 $6 Qc7 17.
g3 Rae8 $36 18. a5 Nd7 19. Bf4 Ne5 20. c4 f5 21. Rac1 h6 22. h4 Ng6 23. Bxd6
Qxd6 24. b4 e3 25. Qe1 f4 $17 {0-1 King-Browne/Reykjavik/SW, 1990}) 13. c4 a4
$6 {Loginov played this move also against Svidler.As I said there,this move
halps white to make order in his lines.} (13... b6 $142 14. f4 Ne8 15. Kh1 exf4
16. Bxf4 Nc5 17. Qd2 {0.5:0.5 Ye Jiangchuan-Nunn,Luzern 1985}) 14. Nd2 Nc5 15.
Qc2 Qa5 16. Nb1 $1 $14 {No matter what blackl plays now,white already has an
advantage.The only problem is that he can't take it home,and there is a long
way to go to the win!} Rfc8 $5 $146 {This move is better than 16...Bd8 which
was played by Loginov against Svidler.It seems like he has his own theory in
this variation,but he lost again!Maybe he should try another variation.} 17.
Nc3 Ncd7 (17... Bd8 18. Nb5 Qa6 (18... Ne8 $2 19. Bg4 $1 Rcb8 20. Bxc5 dxc5 $16
) (18... Nb3 $6 19. axb3 Qxb5 20. bxa4 (20. Rxa4 Rxa4 21. bxa4 Qxd5 $14) (20.
Qxh7+ $6 Kxh7 21. cxb5 axb3 22. Bd3+ g6 $13) 20... Qxd5 $14 21. Rfd1 Qc6 22.
Qd3 (22. b4 d5 $13) 22... Rxa4 (22... Bb6 23. Bxb6 Qxb6 24. b3 $14) 23. Rxa4
Qxa4 24. b3 Qc6 25. Qxd6 Qxd6 26. Rxd6 $14) 19. Rac1 g6 20. f4 Nfd7 $14) 18.
Rac1 Bd8 {Black's big problem is that his game should be on the king's flank,
and his pieces and weaknesses [a4!] are on the queen's!Not easy!} (18... b5 $6
19. cxb5 Nxd5 20. Qf5 $1 Nxc3 (20... N5f6 21. Bf3 Rab8 22. Nd5 $16) 21. bxc3
Nf6 22. c4 $16) (18... g6 19. f4 $16 {Against the weaknesses!}) 19. Nb5 Be7 {
If this move is the best [and it seems to be so],this is telling a lot about
black position [that is only a little worse!!!]} 20. Rfd1 g6 {With the idea of
Ne8,Bd8-b6 and if Bg4 than f5.The rook is not on f1 anymore,therefore, f4 is
not that good,so it seemed logical for Loginov,but white is starting first!}
21. Rd3 $1 $16 {[%csl Ra4]} Ne4 (21... Ne8 22. Ra3 Bd8 23. Nc3 Nc5 24. Bxc5
Qxc5 25. Rxa4 Rxa4 26. Nxa4 $18) 22. Ra3 f5 23. f3 Nef6 24. Qd2 $1 {Already
Nimzowitsch the Great said that the pawns on f5 and e5 are not "the end of the
world".Here they are "the start of the end"!} Qd8 (24... Qxd2 25. Bxd2 {
With the idea of Be3,Nc3-Against a4.}) 25. Bd1 $6 {White played very well and
could finish the game after 25.Na7!Now he should try again.} (25. Na7 $1 Rxa7 (
25... Rc7 26. Rxa4 e4 (26... Nc5 27. Ra5 $18 b6 $140 28. Nc6 Rxc6 29. Rxa8 Qxa8
30. dxc6 Qxc6 31. b4 $18) 27. b3 Nc5 28. Ra5 exf3 29. gxf3 $1 $18 (29. Nb5 $2
Rxa5 30. Qxa5 fxe2 31. Qxc7 Qxc7 32. Nxc7 Nd3 $19)) 26. Bxa7 b6 27. Rxa4 Qc7
28. Rc3 $1 e4 29. b4 Ra8 30. Rca3 Ne5 31. Qd4 Bd8 32. Ra6 $18) 25... Nc5 $1 26.
b4 $5 {After mistake on the last move white can't win the "a4",so he start's
his tradition plan.But black is already not so bad!} (26. Bxc5 $6 Rxc5 27. Bxa4
(27. Rxa4 Rxa4 28. Bxa4 Nxd5 29. Re1 (29. cxd5 $2 Bg5 $1) 29... Bg5 $15) 27...
Nxd5 28. Re1 (28. cxd5 $2 Bg5 $19) 28... Bg5 29. Qd1 Qb6 30. Kh1 Nc7 $13 31. b4
$140 $2 Rxc4 32. Bb3 Qxb5 33. Rxa8+ Nxa8 34. Qxd6 Kg7 35. Bxc4 Qxc4 36. Qxe5+
Bf6 $17) 26... axb3 27. Rxa8 Rxa8 28. axb3 e4 $1 $132 (28... Ncd7 $143 29. Bc2
$16) 29. Bxc5 $5 dxc5 30. d6 Ra6 $1 (30... Bf8 31. fxe4 Nxe4 32. Qd5+ Kh8 33.
Bf3 Ng5 (33... Bxd6 34. Bxe4 Bf4 35. Rd1 Qh4 36. Bf3 Qxh2+ 37. Kf1 Qh1+ 38. Ke2
Ra2+ (38... Qh4 39. Qd7 Ra2+ $140 40. Kd3 Qf2 41. Qe8+ Kg7 42. Qe7+ $18) 39.
Kd3 Qxd1+ 40. Bxd1 Rd2+ 41. Kc3 Rxd5 42. cxd5 $18) (33... Qg5 34. Re1 Qd2 35.
Qxd2 Nxd2 36. d7 $18) 34. Rd1 Nxf3+ 35. Qxf3 $16) 31. fxe4 $1 fxe4 $8 (31...
Nxe4 $2 32. Qd5+ Kh8 33. dxe7 $18) (31... Bxd6 $2 32. e5 $1 $18) 32. Bc2 Bf8 $2
{Another reason not to play this variation [13...a4] is that after black had
tryed so hard and almost made a draw [!!!],finally he makes some mistakes and
looses.It is not easy to play for a draw!} (32... Bxd6 $1 33. Rd1 e3 34. Qxe3
Qe7 35. Qxe7 Bxe7 $11) 33. Bxe4 $1 $14 Bxd6 $1 {Better late than never!} 34.
Bd5+ Kh8 $6 (34... Kg7 $142) 35. Qb2 $16 {This position is not loosing for
black,but it is very hard to defend it, especially in zeitnot.} (35. Qg5 $5)
35... Bf8 (35... Bf4 36. Re1 Qd7 37. g3 Bb8 38. Qf2 $16) 36. Bxb7 Rb6 (36...
Re6 $5) 37. Bf3 Bg7 38. Qe2 Qe8 $6 39. Qxe8+ Nxe8 40. Re1 Nf6 41. Re7 Ra6 42.
Rb7 Bh6 43. Nc7 Ra1+ $6 (43... Be3+ $142 44. Kf1 Ra2 45. Ne6 h5 46. Rc7 $16)
44. Kf2 Ra2+ 45. Kg3 $18 Bd2 46. Rb8+ Kg7 47. Ne6+ Kf7 48. Nxc5 g5 {By next
moves black is looking for some chances,but this is hopeless.} 49. Nd3 h5 50.
h4 Kg6 51. hxg5 Bxg5 52. Rb5 h4+ 53. Kh3 Ra1 54. g3 hxg3 55. Kxg3 Be3 56. Ne5+
Kg7 57. Rb7+ Kh6 58. Ng4+ Nxg4 59. Bxg4 {If black's king was in queen's flank,
maybe he would have some chances, but not here. Hecht: Klarer Gewinn mit
verbundenen Freibauern. Dominierender wL auf d5; passiver sK} Rf1 60. Be2 Rf6
61. Bd3 Rd6 (61... Rb6 62. Rd7 $1 Rxb3 63. Kg4 $18) 62. Be4 Kg5 63. Kf3 Bd4 64.
b4 Ra6 65. Bd5 Kf5 66. Rf7+ Ke5 67. Re7+ Kf5 68. c5 Kf6 69. Rh7 Ra4 70. c6 Ke5
71. c7 Ra3+ 72. Kg4 1-0

[Event "RUS-Cup9"]
[Site "Novgorod"]
[Date "1997.??.??"]
[Round "2"]
[White "Dolmatov, Sergey"]
[Black "Voitsekhovsky, Stanislav"]
[Result "1/2-1/2"]
[WhiteElo "2560"]
[BlackElo "2475"]
[Annotator "Nor,I"]
[PlyCount "49"]
[EventDate "1997.06.11"]
[EventType "swiss"]
[EventRounds "9"]
[EventCountry "RUS"]
[SourceTitle "CBM 060"]
[Source "ChessBase"]
[SourceDate "1997.09.29"]
[SourceVersion "1"]
[SourceVersionDate "1997.09.29"]
[SourceQuality "1"]

1. e4 {Gutman Gershon} c5 2. Nf3 d6 3. d4 cxd4 4. Nxd4 Nf6 5. Nc3 a6 6. Be2 e5
7. Nb3 Be7 8. O-O O-O 9. Kh1 Qc7 $1 (9... Bd7 $6 10. Be3 Bc6 11. f3 Nbd7 12. a4
Rc8 13. a5 h6 14. Qd2 Ne8 15. Nd5 {[#]} Bxd5 16. exd5 Bg5 17. c4 Bxe3 18. Qxe3
Nef6 19. Nd2 Nh5 20. g3 f5 21. f4 $16 {1-0 GM Lutz-GM Gutman/F-West Open, 1996
(48)}) 10. a4 Be6 (10... b6 $5 11. Be3 Nbd7 $6 12. f3 Bb7 13. Rf2 $1 Rfd8 14.
Bf1 Rac8 15. Rd2 Qb8 16. Nc1 $1 Qa8 17. N1a2 a5 $1 $8 18. b3 $1 $14 {1/2-1/2
Solozhenkin,E-Istratescu,A/Avoine 1995}) (10... Nc6 $5) 11. f4 Nbd7 (11... exf4
$5) 12. f5 Bc4 13. Bg5 (13. a5 Rac8 14. Be3 Bxe2 15. Qxe2 d5 16. exd5 Bb4 17.
Rfd1 Bxc3 18. bxc3 Qxc3 19. Rac1 Rfe8 20. d6 b5 {1/2-1/2 Wolter,K-Goergens,A/
Porz-op28 1992}) 13... Rac8 (13... Rfc8 $5 {Gutman: gilt als Hauptalternative,
und kommt meistens vor.}) 14. a5 {Dolmatov plays this position all the time.It
seems like he makes black play 8...Be6?! and not every player is ready for
this! [#]} d5 $6 ({Gutman: Ein neuer Versuch! Als unzufriedent haben sich
erwiesen: I)} 14... Rfd8 {Gutman} 15. Nd2 d5 16. Bxc4 dxc4 17. Qe2 h6 18. Bh4
Bb4 19. Nd5 Nxd5 20. Bxd8 Rxd8 21. exd5 Bxd2 22. Qxd2 Nf6 23. Rfd1 {mit
besseren Aussichten für Weiß,Schöneberg-Gutman,2.BL 1993/94;}) ({II)} 14... h6
{Gutman} 15. Bh4 Rfd8 16. Nd2 Bxe2 17. Qxe2 Kf8 18. Ra4 Qb8 19. Nc4 Rc6 20.
Bxf6 Nxf6 {Tseshkovsky-Ribli/Bled-Portoroz/1979,} 21. Nb6 {mit weißen
Druckspiel.}) 15. exd5 Bxb3 (15... Bb4 $6 16. Ra4 Bxe2 17. Nxe2 Bd6 18. Nc3 $16
) 16. cxb3 e4 $2 (16... Bb4 $142 $5 17. Ra4 $5 Bxa5 (17... Bxc3 18. d6 Qc5 19.
bxc3 Qxc3 20. Bf3 $16) 18. d6 Qc5 19. Bf3 Bxc3 20. bxc3 e4 $5 (20... Qxc3 21.
Bxb7) (20... b5 21. Rxa6 Qxc3 22. Bb7 $1 Rb8 23. Rc6 Qb4 24. Rc7 $16) 21. Bxe4
(21. Bxf6 $2 exf3 22. Be7 fxg2+ 23. Kxg2 $13) 21... b5 22. Rd4 Qxc3 (22... Nxe4
23. Rxe4 Qxc3 24. Re7 $1 $16 (24. f6 Nxf6 25. Rxf6 $2 gxf6 26. Bh6 f5 $8 (26...
Kh8 27. d7 $18) 27. Re3 Qf6 28. Rg3+ Kh8 29. Bg7+ Qxg7 30. Rxg7 Kxg7 $15)) 23.
Bb7 Rb8 24. Rf3 Qc5 25. b4 Qb6 26. Bd5 $16) 17. Bf4 $2 (17. Nxe4 $1 Nxe4 (17...
Qe5 $6 18. d6 $1 Rfe8 (18... Qxe4 19. Bf3 Qb4 20. dxe7 Rfe8 21. Re1 $18) (18...
Bd8 19. Nxf6+ Bxf6 20. Bxf6 Nxf6 21. Bf3 $18) 19. Bf3 $1 Nxe4 20. Bxe7 $18 Qxf5
$140 21. Ra4 $18) 18. Bxe7 Rfe8 19. d6 (19. Bh4 {Gutman} Qe5 20. Bf3) 19... Qc5
20. Bc4 $1 Nf2+ $140 $2 21. Rxf2 Qxf2 22. Bxf7+ Kh8 23. Bxe8 Rxe8 24. Rc1 Qxf5
25. Rc7 $18) 17... Bd6 18. Bxd6 Qxd6 19. Qd4 $1 {Now white is only better!} Nc5
20. Ra3 Rfe8 21. g3 (21. b4 {Gutman} Nd3 22. Bxd3 Ng4 23. g3 Qh6) 21... h5 (
21... e3 $5) 22. b4 $1 Nd3 $1 (22... Ncd7 $6 23. Raa1 Re5 24. Rad1 $16) 23. b5
$5 (23. Bxd3 $6 exd3 24. Qxd3 (24. Raa1 {Gutman} h4 25. gxh4 Rxc3 26. bxc3 Re2
27. Rf4 d2 28. c4 Ne4 {Gutman: mit aktivem Gegenspiel.}) 24... Qxb4 25. Qd1 $5
Ng4 $1 $13) 23... h4 $6 (23... Nb4 $1 $13) 24. bxa6 bxa6 25. Bxd3 {Here the
draw was agreed.White's position is better,but his efforts to win will be
dangerous for him too,therefore he decides not to take a risk.} 1/2-1/2

[Event "RUS-Cup7"]
[Site "Kstovo"]
[Date "1997.05.10"]
[Round "9"]
[White "Dolmatov, Sergey"]
[Black "Doroshkievich, Vladimir K"]
[Result "1-0"]
[WhiteElo "2560"]
[BlackElo "2385"]
[Annotator "Nor,I"]
[PlyCount "106"]
[EventDate "1997.05.01"]
[EventType "swiss"]
[EventRounds "9"]
[EventCountry "RUS"]
[SourceTitle "CBM 059"]
[Source "ChessBase"]
[SourceDate "1997.08.01"]
[SourceVersion "1"]
[SourceVersionDate "1997.08.01"]
[SourceQuality "1"]

1. e4 {Gershon} c5 2. Nf3 d6 3. d4 cxd4 4. Nxd4 Nf6 5. Nc3 a6 6. Be2 e5 7. Nb3
Be7 8. O-O Be6 $6 {Althout His Majesty Kasparov played this move,I don't think
this way is the best for equality.} 9. f4 Qc7 10. f5 Bc4 11. Bg5 $5 (11. a4
Nbd7 12. Kh1 Rc8 13. a5 O-O 14. Bg5 h6 15. Be3 (15. Bxf6 $5) 15... Rfe8 16.
Bxc4 Qxc4 17. Ra4 Qc7 18. Rf2 Qb8 19. Qf3 Kh7 20. g4 Kg8 21. h4 d5 22. Nxd5
Nxd5 23. exd5 b5 24. axb6 Nxb6 25. Rxa6 e4 26. Qh3 Nxd5 $13 {0-1 Bocksberger,
S-Gutman,L/GER-CupT 1991 (34)}) 11... Nbd7 12. a4 h6 $6 $146 {Not a good
novelty,and Dolmatov uses the tempi he gets very well.} (12... Bxb3 $6 13. cxb3
d5 $2 14. exd5 Qc5+ 15. Kh1 Nxd5 16. Bxe7 Nxe7 (16... Nxc3 17. Bxc5 Nxd1 18.
Bg1 $1 $18) 17. Ne4 $18) (12... O-O $5 13. Kh1 Rfc8 (13... h6 14. Bxf6 Nxf6 15.
a5 Rfd8 16. Bxc4 Qxc4 17. Qf3 $6 d5 18. exd5 Nxd5 19. Nd2 Qc6 20. Nxd5 Rxd5 21.
Ne4 Rad8 22. c3 Rd3 23. Qe2 Bg5 24. Rf3 Qd5 25. Rxd3 Qxd3 26. Qxd3 Rxd3 27. Re1
Be3 28. g3 Kf8 29. f6 Ba7 30. g4 gxf6 31. Nxf6 Bb8 32. Re2 Bc7 33. Kg2 Bd8 34.
Ne4 Bxa5 35. Nc5 Rd5 36. Rxe5 Rd2+ 37. Kf3 Bb6 38. b4 Bxc5 $15 {1/2-1/2
Tseshkovsky,V-Kuczynski,R/POL-chT Lubniewice 1995}) 14. a5 h6 15. Bxf6 Nxf6 16.
Bxc4 Qxc4 17. Qf3 Rc7 18. Nd2 Qb4 19. Rfb1 Rac8 (19... Bd8 20. Nf1 Rac8 21. Ra3
Qc5 22. Rba1 b5 23. axb6 Qxb6 24. R1a2 a5 25. h3 {1/2-1/2 Galkin,A-Sotnikov,I/
RUS-sf Briansk 1995}) 20. Ra4 Qc5 21. Rba1 Bd8 22. Nf1 b5 23. axb6 Qxb6 24.
R1a2 a5 25. h3 Rc4 26. Rxc4 Rxc4 27. Nd2 Rb4 28. Ra1 Qc6 29. b3 a4 30. Rxa4
Rxa4 31. bxa4 Ba5 32. Nd5 Qxc2 33. Nxf6+ gxf6 34. Nf1 $15 {1/2-1/2 Oll,
L-Kasparov,G/Moscow olm 1994 (42)}) 13. Bxf6 Nxf6 14. a5 O-O 15. Ra4 $1 {
That is the tempi!} b5 $2 {In this variation black loves playing b5 too
much!This time [and not for the first time!] this "releasing"move helps white.
After 15...B:e2 black is not shining,but playing.} (15... Bxe2 $142 16. Qxe2
Rfc8 17. Kh1 (17. Nd2 $2 b5 18. axb6 Qxb6+ 19. Kh1 Qxb2) 17... Qd7 $1 $14) 16.
axb6 Qxb6+ 17. Kh1 $16 Bb5 $6 {After 17...B:b3 white will get a classical
position as in game Karpov- Meking 1971/72,and after 17...B:e2 another
classical position as in game Geller-Naidorf 1953.Black makes Dolmatov build
some new classical position.} (17... Bxb3 18. cxb3 a5 19. Bc4 Rac8 20. Nd5 Nxd5
21. Bxd5 $16 {[%csl Re7][%cal Gc4g8]}) (17... Bxe2 18. Qxe2 Ra7 19. Rfa1 Rfa8
20. R1a2 $16 {[%csl Re7][%cal Gb3a5,Ga5c4,Gc4e3,Ge3d5,Gb3d5]}) 18. Bxb5 axb5
19. Rb4 Qc6 20. Qd3 Rfb8 21. Nd2 {I really don't know where to put the "!".
Maybe after Dolmatov!!!Every move is simple [for exemple:21...Ra5 22.Nc4 and
Na3!].It always happens when Big Player is enjoying!} Bd8 (21... Ra5 22. Nc4
Ra6 23. Na3 $1 $16 {[%csl Rb5]}) 22. Rxb5 Ba5 23. Rxb8+ Rxb8 24. Nd5 $1 Nxd5
25. exd5 Qb5 26. Nc4 Qc5 27. b3 $18 {O.K.-White is in the winning position.
What is Dolmatov's plan?Using his domination and 1.Centralize the king 2.Check
pushing pawns on king flank or taking over the "a" file 3.If this doesn't
succeed,to pretect the "c2" and to put the knight on e4 that with pushing of
king flank pawns should win. 4.If he will do it slowly-black will loose by
himself!} Rc8 28. Qe4 (28. f6 $1 Bd8 (28... g6 29. Qh3 h5 30. Nxa5 $18) 29.
fxg7 $18) 28... Bc3 29. g3 {White does not hurry to win.f6 could win all the
time.} (29. f6 $1 g6 30. Qh4 Kh7 31. Qh3 Bb4 32. c3 $18) 29... Ra8 30. Kg2 Ra2
31. Kf3 Ba5 32. Qd3 Bb6 33. h4 Bd8 34. Ke4 {1 and 2 are done.} Be7 35. Qc3 Qb5
36. Rc1 Ra8 37. Qd3 Qb4 38. Kf3 Re8 39. Nd2 Bxh4 {4 comes earlier than 3} 40.
gxh4 Qf4+ 41. Ke2 Qh2+ 42. Kd1 e4 (42... Qg1+ 43. Qf1 Qg4+ 44. Qf3 Qg1+ 45. Nf1
Qd4+ 46. Ke2 Qxh4 47. Re1 e4 48. Qf2 Qg4+ 49. Kd2 Qg5+ 50. Ne3 $18) 43. Qe3 Qe5
44. c4 Qxf5 45. b4 $1 Qe5 46. b5 $1 f5 47. b6 $1 Re7 48. Rb1 Rb7 49. Kc2 Qe8
50. Rb3 Qa4 51. Kb2 Qa6 52. c5 dxc5 53. Qxc5 Qe2 1-0

[Event "Clarin GP final"]
[Site "Villa Gesell"]
[Date "1997.??.??"]
[Round "6"]
[White "Fiorito, Fabian"]
[Black "Ricardi, Pablo"]
[Result "1/2-1/2"]
[WhiteElo "2470"]
[BlackElo "2575"]
[Annotator "Nor,I"]
[PlyCount "58"]
[EventDate "1997.03.02"]
[EventType "tourn"]
[EventRounds "11"]
[EventCountry "ARG"]
[EventCategory "11"]
[SourceTitle "CBM 058"]
[Source "ChessBase"]
[SourceDate "1997.06.01"]
[SourceVersion "1"]
[SourceVersionDate "1997.06.01"]
[SourceQuality "1"]

1. e4 {Tyomkin,D} c5 2. Nf3 d6 3. d4 cxd4 4. Nxd4 Nf6 5. Nc3 a6 6. Be2 e5 7.
Nb3 Be7 8. O-O O-O 9. Kh1 Be6 $6 10. f4 Qc7 $6 11. f5 Bc4 12. g4 $5 $146 {
The usual move here is a4. But this position is unusual! Black is playing Be6
after a4, and for sure not Qc7 in the position after 10 moves. Except for this,
white had to be ready for 9...b5, or 10...b5. So we can see the game without
preparing!} (12. a4 {Tyomkin,D} Nbd7 13. Be3 (13. a5 b5 (13... Rfc8 14. Bxc4 (
14. Ra4 b5 15. axb6 Nxb6 16. Ra2 d5 17. exd5 Nbxd5 18. Bxc4 Qxc4 19. Nxd5 Nxd5
20. Ra5 Rd8 21. Qd3 Qxd3 22. cxd3 f6 23. d4 Bb4 24. Ra4 a5 $15 {0-1 Jansa,
V-Epishin,V/Mlada Boleslav op 1994 (40)}) 14... Qxc4 15. Qf3 $5 (15. Ra4) 15...
d5 $5 16. exd5 Bb4 $6 (16... e4 17. Qd1 Bb4 18. Nd2 Qc7 19. Ndxe4 Nxe4 20. Nxe4
Qxc2 $44) 17. Nd2 $1 Qc7 (17... Qd4 18. Nde4 Nxe4 19. Nxe4 Qxd5 20. Rd1 Qc6 $14
) 18. Nde4 $16 {1-0 Vogt,L-Groszpeter,A/DDR-HUN (Zinnowitz) 1980 (28)}) 14.
axb6 Nxb6 15. Bg5 {[%csl Yd5]} (15. Na5 Bxe2 16. Qxe2 d5 17. exd5 Nbxd5 18.
Nxd5 Nxd5 19. Nc4 $14 {1/2-1/2 Reuther,E-Spiriev,P/Dortmund op 1989 (28)})
15... Rfc8 16. Na5 Bxe2 17. Qxe2 Qc5 18. Rfd1 h6 19. Bxf6 Bxf6 20. Ra2 Bg5 21.
Nb3 Qc4 22. Qf2 Qb4 23. Rda1 d5 24. exd5 e4 25. Rxa6 Rxa6 26. Rxa6 e3 $44 {
0-1 Landa,K-Kaminski,M/Katowice op 1992 (38)}) (13. Bg5 Rfc8 14. Rf3 Bxe2 15.
Qxe2 Qc4 16. Qxc4 Rxc4 {1/2-1/2 Moiseev,V-Isupov,V/Kemerovo 1991}) 13... Rac8
14. a5 b5 15. axb6 Nxb6 16. Bxb6 Qxb6 17. Bxc4 Rxc4 18. Qe2 Rfc8 19. Nd2 R4c6
20. Nb3 Rc4 21. Nd2 R4c6 {1/2-1/2 Santacruz,C-James,D/Moscow olm PAR-WLS 1994})
12... d5 {This move, that is normal for cases like this, will explain if g4 is
good or bad! the most logical move in this position.} (12... Nbd7 13. g5 Nxe4
$2 14. Nxe4 Qc6 15. Bf3 Bxf1 (15... d5 16. Na5 Qc7 17. Nxc4 $18) 16. Nf6+ $18)
13. g5 $6 {Now they are starting a new game.} (13. Nxd5 $6 Nxd5 (13... Bxd5 14.
exd5 Rd8 15. c4 b5 16. Bd2 Qd6 17. Ba5 Rd7 18. Nd2 $16) 14. exd5 Rd8 15. Bxc4
Qxc4 $15) (13. exd5 $1 {Usually in the Sicilian defence white's position falls
to pieces after d5. This is sitting so hard in our subconsciousness, that even
if it is not right we will not believe it! But here, after 13.ed, I don't see
anything good for black. How did this happen? Can g4 be right? Yes, it is
right! Black didn't play exact and the ponishment is that moves like g4 are
right!} Bb4 $1 (13... Rd8 14. Bxc4 Qxc4 15. Bg5 $1 (15. g5 $6 Nxd5 16. Na5 Qb4
17. Nxd5 Qe4+ 18. Qf3 Qxf3+ 19. Rxf3 Rxd5 20. Nxb7 Ra7 21. Rb3 Rd1+ 22. Kg2 Nc6
23. Rc3 Nd4 24. Rc8+ Bf8 25. Na5 Rd7 26. f6 Re1 $1 $17) 15... Nbd7 (15... Nc6
16. Nd2 $18) (15... Nc6 $44 {Tyomkin,D}) 16. Qf3 h6 (16... Nxd5 17. Na5 e4 18.
Nxc4 exf3 19. Bxe7 Nxe7 20. Rae1 Nc6 21. Rxf3 $16) (16... e4 17. Nd2 $16) 17.
Bh4 (17. Bxf6 $2 Nxf6 18. Rae1 $140 Bb4 19. Rxe5 Bxc3 20. bxc3 Rac8 $15) 17...
Nb6 (17... Nxd5 18. Na5) (17... Bb4 18. Nd2 Qd4 19. Nde4 Bxc3 20. Nxc3 $16) 18.
Rae1 Nfxd5 19. Bxe7 Nxe7 20. f6 $16) (13... Rd8 $15 {Tyomkin,D}) 14. g5 Bxc3
15. gxf6 Bd4 16. fxg7 Rd8 17. Bxc4 Qxc4 18. Nxd4 Rxd5 19. Rg1 exd4 (19... Rxd4
20. Qf3 Nc6 21. Be3 Rd7 22. Qg4 $1 Qxc2 (22... Nd4 23. Rg2 Rad8 24. Bg5) 23.
Rg2 Qd3 24. Rd2 Qxd2 25. Bxd2 Rxd2 $14) 20. Qf3 Nc6 $14) 13... Nxe4 $132 14.
Nxe4 dxe4 (14... Bxb3 15. cxb3 dxe4 16. f6 Bc5 17. fxg7 Rd8 18. Qc2 $13) 15. f6
Bd6 $6 (15... Bd8 {Tyomkin,D} 16. Be3 Bxe2 17. Qxe2 Nc6 (17... Nd7 18. Rad1 $16
{[%cal Ge2g4]}) 18. Qc4 $16) 16. Bxc4 Qxc4 17. Be3 (17. Na5 {Tyomkin,D} Qb5 18.
c4 Qxa5 19. Qxd6 Rd8 20. Qe7 Nc6 21. Qxb7 Rac8 22. Be3 $132) 17... Rd8 18. fxg7
Nc6 19. Qh5 (19. Nd2 Qd5 20. Qg4 Be7 21. Nxe4 $13) 19... Be7 20. Rf2 Nd4 $6 21.
Nd2 (21. Raf1 {Tyomkin,D} Nf3) 21... Qe6 22. Nxe4 Qg6 $6 (22... Nf5 $142) 23.
Qxg6 $2 (23. Nf6+ $1 Kxg7 (23... Bxf6 24. Qxg6 hxg6 25. gxf6 $16) 24. Qh6+ $1 (
24. Qxh7+ Qxh7 25. Nxh7 Bc5 $1) 24... Qxh6 (24... Kh8 25. Qxh7+ Qxh7 26. Nxh7
Nxc2 27. Rxc2 Kxh7 28. Rc7 Re8 29. Rxb7 $16) 25. gxh6+ Kh8 26. Raf1 $14) 23...
hxg6 24. Bxd4 $5 (24. Raf1 {Tyomkin,D} Nf5) 24... Rxd4 25. Re1 Kxg7 26. Rf3 Rh8
(26... Rad8 $5) 27. c3 Rd7 28. Kg2 Rh5 29. Rh3 Rxh3 {30.K:h3 Rd3+} 1/2-1/2